| 000 | 00859nam a2200181 i 4500 | ||
|---|---|---|---|
| 001 | 164345 | ||
| 003 | ES-MaACL | ||
| 005 | 20230906212923.0 | ||
| 008 | 000522s1894 fr af |||| | fre d | ||
| 100 | 1 |
_aSaint-Saud, Aymard de ( _d1853-1932) _9149331 |
|
| 245 | 1 | 0 |
_aPics d'Europe (Pyrènèes Cantabriques) _b: conférence publique donnée dans l'Amphithéatre de l´Athenée le 21 févrie 1894 / _cpar le Comte de Saint Saud. |
| 260 |
_aBordeaux : _bImp. Ve. Cadoret, _c1894. |
||
| 300 |
_a35 p., [5] h. de lám. : _bil. ; _c23 cm. |
||
| 500 | _aExtrait du Bulletin n. 35, du Club Alpin Franç (Section du Sud-Ouest) | ||
| 594 | _aPrecede al tit.: Excursions dans les sierras d'Espagne. | ||
| 651 | 4 |
_aPicos de Europa (España)- _xDescripción. _9143550 |
|
| 852 |
_aES-MaACL _jT-846-F-4 _z- Enc. hol., conservando cub. original _z- Enc. en un vol. facticio |
||
| 999 |
_c164345 _d164345 |
||